[Event "Olympiad Women 2024"]
[Site "Budapest HUN"]
[Date "2024.09.18"]
[Round "7.43"]
[Board "4"]
[White "Mazariegos, Silvia Carolina"]
[Black "Romero Troncoso, Liset Anais"]
[Result "1/2-1/2"]
[WhiteElo "1878"]
[BlackElo "1834"]
[PlyCount "71"]
[EventDate "2024.09.11"]
[WhiteTeam "Guatemala"]
[BlackTeam "Chile"]
[WhiteTeamCountry "GUA"]
[BlackTeamCountry "CHI"]

1. Nf3 Nf6 2. d3 g6 3. e4 d6 4. g3 Bg7 5. Bg2 O-O 6. O-O e5 7. Nbd2 c5 8. Re1 Nc6 9. h3 Rb8 $146 ({RR} 9... Ne8 10. c3 Kh8 11. Nf1 f5 12. exf5 Bxf5 13. Be3 Nf6 14. Nh4 Be6 15. Bg5 Qd7 16. Kh2 Ne7 17. Qd2 Nf5 18. Nxf5 Bxf5 19. Ne3 Be6 20. Nc2 Nd5 21. d4 exd4 22. cxd4 Nb6 23. Re2 Nc4 24. Qe1 {1-0 Druzhinina,O-Melnikova,Y (2095) RUS-ch U16 Girls 1998}) ({RR} 9... h6 10. c3 Nh7 11. g4 Be6 12. Nf1 f5 13. exf5 gxf5 14. gxf5 Bxf5 15. Ng3 Bg6 16. Nh2 Qd7 17. Ng4 Ng5 18. h4 Nf7 19. Be4 Ne7 20. h5 Bxe4 21. dxe4 Kh7 22. Ne3 Ng5 23. Nef5 Nxf5 24. exf5 {0-1 Asante,D (1785)-Cheikhna,M (1899) Olympiad-44 Chennai 2022 (10.2)}) ({RR} 9... h6 10. Nf1 Be6 11. Be3 Qd7 12. Kh2 b6 13. c4 Rab8 14. N1d2 b5 15. b3 Nb4 16. Bf1 bxc4 17. dxc4 Kh7 18. a3 Nc6 19. Qc2 Ng8 20. Red1 Nd4 21. Bxd4 exd4 22. Rab1 f5 23. Bd3 fxe4 24. Bxe4 {½-½ Romero Troncoso,L (1460)-Santana Gonzalez,V (1636) CHI-ch (Women) 2017 (4)}) ({RR} 9... Bd7 10. Nc4 Qc7 11. a4 a5 12. Bd2 Rfb8 13. Na3 Nd4 14. Nxd4 cxd4 15. c4 b6 16. Nb5 Bxb5 17. axb5 Nd7 18. b4 axb4 19. Bxb4 Nc5 20. Bxc5 dxc5 21. Re2 Qc8 22. Rea2 Rxa2 23. Rxa2 Ra8 24. Rxa8 {½-½ Garcia Orus,F (2169)-Caballe Sasot,R (2102) Catalunya-ch Seniors 2006 (3)}) ({RR} 9... b5 10. a4 b4 11. b3 Nd7 12. Nc4 {½-½ Horn,E (1993)-Sjostrand,J (1976) Stockholm All Saints op 2013 (6)}) 10. Nf1 b5 11. Be3 a5 12. Qd2 a4 13. Bg5 Be6 14. c3 Qa5 15. N3h2 b4 16. c4 Qb6 17. h4 b3 18. a3 Nd4 19. Rab1 Nc2 20. Rec1 Nd7 21. f3 f6 22. Bh6 Rb7 23. Bxg7 Kxg7 24. Ne3 Nxe3 25. Qxe3 Nb8 26. Ng4 Bxg4 27. fxg4 Nc6 28. Rf1 Rbf7 29. Rf2 Nd4 30. Rbf1 Qa5 31. Qd2 Qxd2 32. Rxd2 g5 33. h5 h6 34. Bf3 Rb8 35. Bd1 Rfb7 36. Rff2 1/2-1/2

[Event "Olympiad Women 2024"]
[Site "Budapest HUN"]
[Date "2024.09.18"]
[Round "7.44"]
[Board "1"]
[White "Lindiawati, Evi"]
[Black "Miladi, Amen"]
[Result "0-1"]
[WhiteElo "1940"]
[BlackElo "1851"]
[PlyCount "79"]
[EventDate "2024.09.11"]
[WhiteTeam "Indonesia"]
[BlackTeam "Tunisia"]
[WhiteTeamCountry "INA"]
[BlackTeamCountry "TUN"]

1. e4 c5 2. Nc3 e6 3. Nf3 a6 4. a4 Nc6 5. Bc4 Nf6 6. O-O d6 7. d4 cxd4 8. Nxd4 Be7 9. Be3 Ne5 ({RR} 9... Nb4 10. Bb3 O-O 11. f4 e5 12. fxe5 Ng4 13. Qe2 Nxe5 14. Nf5 Be6 15. Nxe7+ Qxe7 16. Nd5 Nxd5 17. exd5 Bd7 18. Qd2 b5 19. axb5 axb5 20. Rae1 Qd8 21. Bd4 f6 22. h3 Qb8 23. Qb4 Re8 24. Re3 {½-½ Areshchenko,A (2645)-Acs,P (2530) Bundesliga 0708 2007 (1.2)}) 10. Ba2 $146 ({RR} 10. Be2 O-O 11. f4 Ng6 12. f5 Ne5 13. a5 b5 14. axb6 Qxb6 15. fxe6 fxe6 16. Nf5 Qc7 17. Nxe7+ Qxe7 18. Bg5 Qa7+ 19. Kh1 Bb7 20. Bxf6 gxf6 21. Qxd6 Rae8 22. Bb5 Qb8 23. Qxb8 Rxb8 24. Bxa6 Bxa6 {1-0 Hernandez Velasco,J-Diaz Calles,F Valladolid CC Social 21st 1992 (3)}) ({RR} 10. Be2 Qc7 11. f4 Nc4 12. Bc1 Bd7 13. Kh1 O-O 14. b3 Ne3 15. Bxe3 Qxc3 16. Qd3 Rfc8 17. Rad1 h6 18. Bd2 Qc7 19. c4 d5 20. exd5 exd5 21. Nf5 Bxf5 22. Qxf5 dxc4 23. Bxc4 Qc5 24. Qxc5 Bxc5 {½-½ Tokhirjonova,G (2328)-Mammadzada,G (2472) World Blitz Women 2022 (2.9)}) ({RR} 10. Be2 Qc7 11. f4 Nc4 12. Bxc4 Qxc4 13. Qd3 Qxd3 14. cxd3 O-O 15. Rac1 Bd7 16. f5 Ng4 17. Nd1 Nxe3 18. Nxe3 Bf6 19. Rc4 Rac8 20. Rfc1 Bxd4 {0-1 Garcia,G (2019)-Said,M (1987) Goiania Prevest op 2011 (4)}) ({RR} 10. Bb3 Qc7 11. Qe2 b6 12. h3 O-O 13. f4 Nc6 14. f5 Nxd4 15. Bxd4 e5 16. Be3 Bb7 17. Bg5 Rac8 18. Rad1 Kh8 19. Bxf6 Bxf6 20. Bd5 Bxd5 21. Rxd5 Qb7 22. Rxd6 Be7 23. Rd5 Bc5+ 24. Kh1 Bd4 {1-0 Novak,I (2128)-Karkovic,M (2007) Podturen Mavrin Memorial 2013 (5)}) 10... O-O 11. h3 Qc7 12. Qe2 b6 13. f4 Nc6 14. Qc4 Bb7 15. f5 d5 16. exd5 exd5 17. Qe2 Bc5 18. Rad1 Rfe8 19. Qd2 Rad8 20. Bf2 Ne4 21. Nxe4 dxe4 22. c3 e3 23. Bxe3 Nxd4 24. Bxd4 Qg3 25. Qf2 Bxd4 26. Rxd4 Qxf2+ 27. Kxf2 Rxd4 28. cxd4 Re4 29. Re1 Rxe1 30. Kxe1 Bxg2 31. d5 Bxh3 32. Bc4 Bxf5 33. Bxa6 Kf8 34. Kd2 Ke7 35. Ke3 Bc2 36. Bb5 Kd6 37. Kd4 Bb3 38. Bc6 h5 39. Ke4 g5 40. Kf5 0-1

[Event "Olympiad Women 2024"]
[Site "Budapest HUN"]
[Date "2024.09.18"]
[Round "7.44"]
[Board "2"]
[White "Mefteh, Meyssem"]
[Black "Nugroho, Angel Ruth"]
[Result "1-0"]
[WhiteElo "1834"]
[BlackElo "1939"]
[PlyCount "131"]
[EventDate "2024.09.11"]
[WhiteTeam "Tunisia"]
[BlackTeam "Indonesia"]
[WhiteTeamCountry "TUN"]
[BlackTeamCountry "INA"]

1. d4 f5 2. c4 e6 3. Nc3 Nf6 4. Nf3 Bb4 5. Bd2 O-O 6. e3 b6 7. Qb3 ({RR} 7. Be2 Bb7 8. O-O a5 9. a3 Bxc3 10. Bxc3 Ne4 11. Rc1 d6 12. Be1 Nd7 13. Nd2 Qg5 14. d5 Nxd2 15. Bxd2 Nc5 16. f3 a4 17. Rc3 Qe7 18. dxe6 Rf6 19. Be1 Rxe6 20. Bf2 Rg6 21. h4 Ne4 {0-1 Zsinka,L (2373)-Horvath,C (2546) HUN-chT 0405 2004 (3)}) 7... a5 ({RR} 7... Bxc3 8. Bxc3 d6 9. c5 Ne4 10. cxd6 cxd6 11. Rc1 Rf6 12. Nd2 Bb7 13. f3 Nxd2 14. Bxd2 Rg6 15. Kf2 Nd7 16. Bb5 Rb8 17. Bc6 Nc5 18. dxc5 dxc5 19. Bc3 Bxc6 20. h4 Qd3 21. Qd1 Rd8 22. h5 {½-½ Parkkinen,J (2171)-Keinanen,T (2120) Helsinki We HSK 01 op 2015 (3)}) 8. a3 $146 ({RR} 8. O-O-O Bb7 9. a3 Be7 10. Be2 Ne4 11. Be1 Bf6 12. Rg1 Kh8 13. g4 Nxc3 14. Qxc3 d6 15. g5 Be7 16. h4 Bxf3 17. Bxf3 d5 18. cxd5 exd5 19. Kb1 c6 20. Qc2 Qd7 21. Be2 Qe6 22. Bd3 c5 {½-½ Hever,M (2295)-Turzo,A (2370) HUN-chT 9798 1997}) 8... Bxc3 9. bxc3 Ba6 10. Be2 Qe7 11. Rd1 d6 12. Bc1 Nbd7 13. Nd2 Kh8 14. Bf3 Rad8 15. a4 e5 16. Bc6 e4 17. Nf1 Qf7 18. Bd5 Nxd5 19. cxd5 c6 20. c4 cxd5 21. cxd5 Bb7 22. Ng3 Bxd5 23. Qa3 Qe6 24. O-O Rc8 25. Ne2 Bc4 26. Rfe1 d5 27. Bb2 Bxe2 28. Rxe2 Rc4 29. Rc1 Rfc8 30. Ree1 h6 31. h3 Kh7 32. Red1 Qf6 33. Qb3 Rxc1 34. Rxc1 Rxc1+ 35. Bxc1 Qc6 36. Ba3 Kg6 37. Qd1 Qc7 38. Qe2 Qc6 39. Qd1 Kh7 40. Qb3 Nf6 41. Be7 Nd7 42. Bh4 Qc1+ 43. Kh2 Qc4 44. Qa3 Qb4 45. Qa2 Qd6+ 46. Bg3 Qc6 47. Qb3 Kg6 48. Bh4 Kf7 49. Qd1 g6 50. Qb3 Qc4 51. Qa3 Qb4 52. Qa2 Ke6 53. Qc2 Qc4 54. Qd1 g5 55. Bg3 Nf6 56. Be5 b5 57. axb5 Qxb5 58. Qc1 Nd7 59. Qc8 Kf7 60. Bd6 a4 61. Qh8 Qb6 62. Qh7+ Kf6 63. Qxd7 Qb3 64. Be5+ Kg6 65. Qg7+ Kh5 66. Qf7+ 1-0

[Event "Olympiad Women 2024"]
[Site "Budapest HUN"]
[Date "2024.09.18"]
[Round "7.44"]
[Board "3"]
[White "Yuliana, Evi"]
[Black "Ben Amor, Meriem"]
[Result "1-0"]
[WhiteElo "1912"]
[BlackElo "1733"]
[PlyCount "57"]
[EventDate "2024.09.11"]
[WhiteTeam "Indonesia"]
[BlackTeam "Tunisia"]
[WhiteTeamCountry "INA"]
[BlackTeamCountry "TUN"]

1. d4 Nf6 2. c4 e6 3. Nf3 Bb4+ 4. Nbd2 b6 5. a3 Be7 6. e4 d6 7. Bd3 O-O ({RR} 7... Nc6 8. O-O e5 9. d5 Nb8 10. b4 O-O 11. Bb2 Bg4 12. h3 Bh5 13. Rc1 Nbd7 14. Qc2 a5 15. Rfe1 Qb8 16. Nh2 Qb7 17. Nhf1 Bg6 18. Ne3 axb4 19. axb4 Ra2 20. Ra1 Rfa8 21. Rxa2 Rxa2 22. Ra1 {½-½ Taboas Rodriguez,D (2344)-Jun,R (2258) Titled Tue 9th Apr Late 2024 (1)}) 8. O-O Bb7 9. Qc2 h6 10. Rd1 $146 ({RR} 10. b4 a5 11. b5 Nbd7 12. Bb2 Nh5 13. Rfe1 Bg5 14. Nxg5 hxg5 15. g3 e5 16. c5 dxc5 17. dxe5 Qe7 18. Nc4 g6 19. Qc3 Kh7 20. Rad1 Rg8 21. Ne3 Rae8 22. Nd5 Qxe5 23. Qc1 Qd6 24. Qxg5 Ne5 {1-0 Cherednichenko,D (2029)-Kornilov,P (2044) Voronezh Chess School Rating 03 2015 (6.6)}) ({RR} 10. Re1 c5 11. e5 Nfd7 12. exd6 Bxd6 13. Ne4 Be7 14. Be3 f5 15. Nc3 Bxf3 16. gxf3 cxd4 17. Bxd4 Nc6 18. Ne2 Nde5 19. Bxe5 Nxe5 20. Nf4 Nxf3+ 21. Kf1 Nxe1 22. Rxe1 Qd6 23. Nxe6 Rf6 24. Bxf5 Bf8 {0-1 Smith,M (1719)-Johnson,G (1794) Olympiad Women-42 2016 (11.4)}) ({RR} 10. Re1 c5 11. d5 e5 12. Nf1 Bc8 13. h3 Nh7 14. Ng3 Ng5 15. Nxg5 Bxg5 16. Be3 Bxe3 17. Rxe3 g6 18. Rf1 Qh4 19. Ne2 Nd7 20. Rg3 Kh7 21. f4 exf4 22. Rxf4 Qe7 23. e5 Nxe5 24. Re3 Bd7 {0-1 Ohman,K (1578)-Larsplass,E (1663) NOR-chT Clubs 2008 (4)}) 10... Nc6 11. b4 Qc8 12. Bb2 Nb8 13. e5 Nfd7 14. Ne4 a5 15. b5 dxe5 16. c5 bxc5 17. dxc5 Bd5 18. c6 Nb6 19. Nxe5 a4 20. Nc5 Qe8 21. Qc3 Bf6 22. Ne4 Bxe4 23. Bxe4 Qc8 24. Bc2 Nd5 25. Rxd5 exd5 26. Qd3 Re8 27. Qh7+ Kf8 28. Re1 Nxc6 29. Nd7+ 1-0

[Event "Olympiad Women 2024"]
[Site "Budapest HUN"]
[Date "2024.09.18"]
[Round "7.44"]
[Board "4"]
[White "Gamha, Yasmine"]
[Black "Adeline, Clementia"]
[Result "1/2-1/2"]
[WhiteElo "1679"]
[BlackElo "1550"]
[PlyCount "61"]
[EventDate "2024.09.11"]
[WhiteTeam "Tunisia"]
[BlackTeam "Indonesia"]
[WhiteTeamCountry "TUN"]
[BlackTeamCountry "INA"]

1. e4 c5 2. Nf3 d6 3. d4 cxd4 4. Nxd4 Nf6 5. Nc3 a6 6. Bg5 e6 7. f4 Be7 8. Qf3 Qc7 9. O-O-O Nbd7 10. g4 b5 11. Bxf6 Nxf6 12. g5 Nd7 13. f5 O-O 14. fxe6 fxe6 15. Nxe6 Rxf3 16. Nxc7 Bxg5+ 17. Kb1 Rb8 18. Ne6 ({RR} 18. a4 Bf6 19. axb5 Bxc3 20. bxc3 Nf6 21. Kb2 Nxe4 22. Bc4+ Kh8 23. Rhe1 Bb7 24. Nxa6 Bxa6 25. Rxe4 Rf5 26. Rxd6 Bxb5 27. Bxb5 Rfxb5+ 28. Rb4 Rxb4+ 29. cxb4 Rxb4+ 30. Kc3 Rb8 31. Kd4 h5 32. Rd5 g6 {1-0 Bruyatskaya,M (1991)-Voloshkin,D (2075) ch-Moscow Open Superfinal 2024 (6.46)}) 18... Bf6 19. Nd5 $146 ({RR} 19. Rxd6 Bxc3 20. bxc3 Rb6 21. Rxb6 Nxb6 22. Nd4 Re3 23. Bd3 Bb7 24. Ne6 Nd7 25. Rg1 g6 26. Kc1 Rh3 27. Rg2 Ne5 28. Kd2 Rxh2 29. Rxh2 Nf3+ 30. Ke3 Nxh2 31. Be2 Bc8 32. Nc7 g5 33. Kf2 Ng4+ {1-0 Alves Campelo,D (2070)-Simas Neto,F (1831) 88th ch-BRA 2022 (6.19)}) ({RR} 19. Rxd6 Rb6 20. Rxb6 Nxb6 21. Nd5 Bxe6 22. Nxb6 Be5 23. a4 Re3 24. Bd3 Rh3 25. axb5 axb5 26. Bxb5 Rxh2 27. Rf1 h5 28. Bd7 Bxd7 29. Nxd7 Bg3 30. e5 Rf2 31. Rh1 h4 32. c4 Rd2 33. e6 Re2 {0-1 Huschenbeth,N (2459)-Hamitevici,V (2411) Wch U20 49th 2010 (8)}) 19... Nf8 20. Nxf8 Kxf8 21. Nxf6 Rxf6 22. Bd3 Bb7 23. Rhe1 Re8 24. b3 Re5 25. Kb2 Rf2 26. Rf1 Rxf1 27. Rxf1+ Ke7 28. Rg1 Kf7 29. Rf1+ Ke7 30. Rg1 Kf7 31. Rf1+ 1/2-1/2

[Event "Olympiad Women 2024"]
[Site "Budapest HUN"]
[Date "2024.09.18"]
[Round "7.45"]
[Board "1"]
[White "Nassr, Lina"]
[Black "Wilson, Hannah"]
[Result "1/2-1/2"]
[WhiteElo "2010"]
[BlackElo "1888"]
[PlyCount "136"]
[EventDate "2024.09.11"]
[WhiteTeam "Algeria"]
[BlackTeam "Barbados"]
[WhiteTeamCountry "ALG"]
[BlackTeamCountry "BAR"]

1. d4 d5 2. c4 c6 3. Nf3 Nf6 4. e3 e6 5. Nbd2 Bd6 6. Bd3 O-O 7. O-O Nbd7 8. e4 dxe4 9. Nxe4 Nxe4 10. Bxe4 Nf6 11. Bc2 h6 12. Qd3 c5 ({RR} 12... Re8 13. Rd1 b6 14. b4 Bxb4 15. Ne5 Bb7 16. c5 b5 17. Rb1 Ba5 18. Bxh6 gxh6 19. Nxf7 Qd7 20. Qg6+ Kf8 21. Nd6 Qg7 22. Nxb7 Bc7 23. Re1 Rab8 24. Nd6 Bxd6 25. cxd6 Rbd8 26. Rb3 Rxd6 27. Rg3 {1-0 Laylo,D (2522)-Olay,E (2289) Manila Campomanes Memorial op 2010 (1)}) 13. Rd1 Qc7 14. Be3 b6 15. h3 $146 ({RR} 15. Bd2 Bb7 16. Bc3 Be4 17. Qd2 Bxf3 18. gxf3 Bxh2+ 19. Kg2 cxd4 20. Qxd4 e5 21. Qh4 Bf4 22. Rg1 Bg5 23. Qh2 Rfe8 24. Rae1 Bf4 25. Qh3 Qxc4 26. Kh1 Rad8 27. Qf5 Qc6 28. Re4 Qe6 29. Rxf4 exf4 {1-0 Toniutti,E (2224)-Nery Junior,J (2082) Titled Tue 28th Mar Late 2023 (6)}) 15... Bb7 16. dxc5 Bxc5 17. Bxc5 Qxc5 18. b3 Qh5 19. Ne1 Rac8 20. Qe3 Rc5 21. f4 Rc7 22. Rd2 Re8 23. Rad1 Rce7 24. Rd8 e5 25. Rxe8+ Rxe8 26. fxe5 Qxe5 27. Qxe5 Rxe5 28. Rd8+ Re8 29. Rxe8+ Nxe8 30. Kf2 Kf8 31. g3 Ke7 32. Ke3 Nd6 33. Bd3 Ke6 34. Nc2 Nf5+ 35. Kf2 Nd6 36. Ke3 Nf5+ 37. Bxf5+ Kxf5 38. Nd4+ Ke5 39. h4 h5 40. Ne2 g6 41. Nf4 Be4 42. a3 a5 43. Ne2 Bc6 44. Nc3 f6 45. b4 axb4 46. axb4 Kd6 47. Kd4 g5 48. Ne4+ Ke6 49. Nc3 Kd6 50. b5 Bb7 51. Na4 Kc7 52. Nc3 Kd6 53. Nd1 gxh4 54. gxh4 f5 55. Ne3 f4 56. Nf5+ Kd7 57. Ng7 Bf3 58. Ke5 Be2 59. Kd5 Bf3+ 60. Ke5 Be2 61. Kxf4 Bxc4 62. Nxh5 Bxb5 63. Ke5 Ke7 64. Nf4 Bc4 65. Kd4 b5 66. h5 Kf7 67. h6 Kg8 68. Nd5 Bxd5 1/2-1/2

[Event "Olympiad Women 2024"]
[Site "Budapest HUN"]
[Date "2024.09.18"]
[Round "7.45"]
[Board "2"]
[White "Reifer-Belle, Chanon"]
[Black "Latreche, Sabrina"]
[Result "1/2-1/2"]
[WhiteElo "1736"]
[BlackElo "2030"]
[PlyCount "76"]
[EventDate "2024.09.11"]
[WhiteTeam "Barbados"]
[BlackTeam "Algeria"]
[WhiteTeamCountry "BAR"]
[BlackTeamCountry "ALG"]

1. e4 e5 2. Nf3 Nc6 3. d4 exd4 4. Bc4 Nf6 5. e5 d5 6. Bb5 Ne4 7. Nxd4 Bc5 8. Be3 Bd7 9. Bxc6 bxc6 10. Nd2 Nxd2 11. Qxd2 Bb6 12. Nb3 Qe7 13. Qc3 O-O 14. O-O Rfe8 15. f4 f6 16. Rae1 fxe5 17. Bxb6 cxb6 18. Rxe5 $146 ({RR} 18. fxe5 c5 19. Nd2 Bc6 20. Qg3 Qc7 21. Nf3 Re7 22. Nh4 d4 23. Nf5 Re6 24. Nd6 Rg6 25. Qb3+ Kh8 26. Nf7+ Kg8 27. Nd8+ {1-0 Bojkovic,N (2200)-Dabrowska,K Wch U20 Girls 1988 (11.5)}) 18... Qf7 19. Qd4 Bf5 20. Nd2 Rad8 21. c3 c5 22. Qe3 d4 23. cxd4 cxd4 24. Rxe8+ Qxe8 25. Qxe8+ Rxe8 26. Nf3 d3 27. Rd1 Rc8 28. Ne5 Rc2 29. Nxd3 Bxd3 30. Rxd3 Rxb2 31. Rd8+ Kf7 32. Rd7+ Kf6 33. Rxa7 h5 34. a4 Kf5 35. Rxg7 Kxf4 36. Rf7+ Kg4 37. Rg7+ Kf4 38. Rf7+ Kg4 1/2-1/2

[Event "Olympiad Women 2024"]
[Site "Budapest HUN"]
[Date "2024.09.18"]
[Round "7.45"]
[Board "3"]
[White "Abdi, Zineb Dina"]
[Black "Eversley, Kiarra"]
[Result "1-0"]
[WhiteElo "1915"]
[BlackElo "1615"]
[PlyCount "97"]
[EventDate "2024.09.11"]
[WhiteTeam "Algeria"]
[BlackTeam "Barbados"]
[WhiteTeamCountry "ALG"]
[BlackTeamCountry "BAR"]

1. e4 c5 2. Nf3 d6 3. d4 cxd4 4. Nxd4 Nf6 5. Bd3 a6 6. c4 Nbd7 ({RR} 6... Nc6 7. Nc2 b6 8. Nc3 Bb7 9. b3 e6 10. O-O Ne5 11. f4 Nxd3 12. Qxd3 Be7 13. Ba3 b5 14. cxb5 Qb6+ 15. Qd4 Qxd4+ 16. Nxd4 Nxe4 17. Nxe4 Bxe4 18. Rfe1 Bd5 19. bxa6 Rxa6 20. Nb5 Kd7 21. Bb2 {0-1 Kosteniuk,A (2510)-Hou,Y (2650) Speed Chess (Women) blitz 2022 (2.34)}) 7. Nc3 Ne5 8. Be2 g6 $146 ({RR} 8... e6 9. Be3 Qc7 10. f4 Ned7 11. O-O Be7 12. Rc1 h5 13. Kh1 b6 14. f5 Ne5 15. fxe6 fxe6 16. Qb3 Rb8 17. Bg1 Nc6 18. Qa4 Bd7 19. Qxa6 Nxd4 20. Bxd4 e5 21. Bg1 Qc6 22. Bd3 h4 23. Nd5 {1-0 Strinic,H (1903)-Hajdarevic,S (2143) Sarajevo Bosna op 41st 2011 (7)}) 9. O-O Bg7 10. h3 Qc7 11. Be3 O-O 12. Nd5 Qd8 13. Nxf6+ Bxf6 14. Rc1 Bd7 15. Qd2 Rc8 16. b3 Rc7 17. Rfd1 Qc8 18. Kh2 Qe8 19. a3 Nc6 20. Nc2 Bg7 21. Bb6 Rc8 22. c5 Be6 23. cxd6 Be5+ 24. f4 Bxd6 25. b4 Bc7 26. Bxc7 Rxc7 27. Qe3 Rd7 28. Nd4 Nxd4 29. Rxd4 Rxd4 30. Qxd4 Qd7 31. Qxd7 Bxd7 32. Rc7 Bc6 33. Rxe7 Re8 34. Rxe8+ Bxe8 35. Kg3 Kg7 36. Kf3 h6 37. Ke3 Kf6 38. e5+ Ke7 39. Kd4 Kd8 40. Bf3 Kc7 41. Bd5 Kb6 42. g4 Kc7 43. f5 b6 44. Bc4 a5 45. bxa5 bxa5 46. Kc5 gxf5 47. gxf5 Bd7 48. e6 fxe6 49. Bxe6 1-0

[Event "Olympiad Women 2024"]
[Site "Budapest HUN"]
[Date "2024.09.18"]
[Round "7.45"]
[Board "4"]
[White "Springer, Leshay"]
[Black "Nassr, Rania"]
[Result "0-1"]
[WhiteElo "1425"]
[BlackElo "1866"]
[PlyCount "62"]
[EventDate "2024.09.11"]
[WhiteTeam "Barbados"]
[BlackTeam "Algeria"]
[WhiteTeamCountry "BAR"]
[BlackTeamCountry "ALG"]

1. d4 Nf6 2. Nf3 e6 3. Bf4 c5 4. e3 cxd4 5. exd4 Nc6 6. c3 Nh5 ({RR} 6... Be7 7. Bd3 O-O 8. Qc2 d6 9. Nbd2 Re8 10. O-O Bf8 11. Rfe1 h6 12. h3 b6 13. b4 Bb7 14. b5 Na5 15. Nb3 Bxf3 16. Nxa5 bxa5 17. gxf3 Nd5 18. Bg3 Rc8 19. c4 Qf6 20. Qd2 Nb6 21. Rac1 {½-½ Galliamova,A (2467)-Rajlich,I (2421) World-ch (Women) k.o. 2006 (3.3)}) 7. Bg3 $146 ({RR} 7. Be3 d5 8. Ne5 Nxe5 9. dxe5 g6 10. Bb5+ Bd7 11. Qa4 a6 12. Bxd7+ Qxd7 13. Qxd7+ Kxd7 14. Nd2 Rc8 15. Nb3 Ng7 16. f4 Nf5 17. Bf2 h5 18. O-O Be7 19. Nd4 Nxd4 20. Bxd4 {½-½ Singh,H (1870)-Sai,K (1732) New Delhi Parsvnath op-B 17th 2019 (9)}) 7... g6 8. Bd3 Be7 9. Nbd2 f5 10. h3 Nxg3 11. fxg3 Qc7 12. Nf1 Bd6 13. Kf2 b6 14. Qe2 Ne7 15. Ba6 Bxa6 16. Qxa6 Nd5 17. Qe2 Nf6 18. Ne5 Ne4+ 19. Ke1 Bxe5 20. dxe5 Qxe5 21. Qe3 O-O 22. Qf4 Qb5 23. Qc1 Rac8 24. Qc2 Qe5 25. Qe2 Rxc3 26. bxc3 Qxc3+ 27. Nd2 Qxa1+ 28. Qd1 Qxd1+ 29. Kxd1 Nf2+ 30. Ke2 Nxh1 31. Kf3 Rc8 0-1

[Event "Olympiad Women 2024"]
[Site "Budapest HUN"]
[Date "2024.09.18"]
[Round "7.46"]
[Board "1"]
[White "Aliu, Arlinda"]
[Black "Ptacnikova, Lenka"]
[Result "0-1"]
[WhiteElo "1780"]
[BlackElo "2065"]
[PlyCount "86"]
[EventDate "2024.09.11"]
[WhiteTeam "Kosovo"]
[BlackTeam "Iceland"]
[WhiteTeamCountry "KOS"]
[BlackTeamCountry "ISL"]

1. d4 Nf6 2. Nf3 d5 3. Bf4 c5 4. e3 Nc6 5. c3 Qb6 6. Qb3 c4 7. Qc2 Bf5 8. Qc1 h6 9. h3 e6 10. Nbd2 Rc8 ({RR} 10... Qd8 11. g4 Bh7 12. Bg2 Bd3 13. Ne5 Nxe5 14. Bxe5 Bd6 15. Bxf6 Qxf6 16. Bf1 Bh7 17. Bg2 Bd3 18. Bf1 Bh7 19. Bg2 Bd3 {½-½ Andreikin,D (2729)-Firouzja,A (2777) chess.com SpeedChess 2023 (1.22)}) 11. Be2 Be7 12. O-O ({RR} 12. Ne5 Nxe5 13. Bxe5 O-O 14. O-O Nd7 15. Bh2 Bd6 16. Bxd6 Qxd6 17. f4 b5 18. Bf3 Bd3 19. Rf2 Nf6 20. Qe1 Ne4 21. Bxe4 dxe4 22. b3 Qa3 23. Qc1 Qa5 24. b4 Qa4 25. f5 exf5 26. Rxf5 g6 {0-1 Gonzalez Maza,R (2147)-Delisau Gil,O (2212) TCh-CAT Gp2 2024 (5.6)}) 12... g5 $146 ({RR} 12... Ne4 13. Nxe4 Bxe4 14. Nd2 Bf5 15. Bf3 Bg5 16. Bxg5 hxg5 17. e4 Bxh3 18. gxh3 Rxh3 19. Kg2 g4 20. Bxg4 Rh4 21. f3 Qc7 22. Rh1 g5 23. Rxh4 gxh4 24. e5 Kd7 25. Qe1 Rh8 26. Qf2 Qd8 27. Qe3 {1-0 Ristic,M (1493)-Nikolic,M (1582) SRB-ch U14 Girls 2016 (9)}) ({RR} 12... Qa6 13. b4 b5 14. Re1 O-O 15. Bd1 Qb6 16. a4 bxa4 17. Bxa4 a5 18. Bxc6 axb4 19. Ba4 bxc3 20. Qxc3 Bb4 21. Qc1 c3 22. Nf1 c2 23. N1d2 Ne4 24. Rf1 Nc3 25. Re1 Qa6 26. Bd7 Ne2+ 27. Rxe2 {0-1 Karrer,P-Dudas,P (2167) Cseppko op-A 11th 2002 (2)}) ({RR} 12... O-O 13. Re1 Qd8 14. Bd1 Nd7 15. e4 Bh7 16. Bc2 b5 17. exd5 exd5 18. Nf1 Nf6 19. Ng3 Bd6 20. Ne5 Bxc2 21. Qxc2 Bxe5 22. Bxe5 Nd7 23. Bd6 Re8 24. Nf5 Qf6 25. Rxe8+ Rxe8 26. Bc7 Qg6 27. Kf1 {½-½ Osmanovic,K (2327)-Hodzic,N (2249) BIH CFFBH-chT1 2007 (1)}) 13. Bh2 Qd8 14. Re1 b5 15. Bd1 Ne4 16. Bc2 Nxd2 17. Qxd2 Bxc2 18. Qxc2 f5 19. Ne5 Nxe5 20. Bxe5 O-O 21. f3 Bf6 22. Bh2 Bg7 23. e4 dxe4 24. fxe4 f4 25. e5 Qd5 26. Rf1 b4 27. h4 Rb8 28. Qg6 bxc3 29. bxc3 Rb2 30. Rf2 Rxf2 31. Kxf2 gxh4 32. Rb1 Kh8 33. a4 Qc6 34. Rb5 h3 35. gxh3 Qh1 36. Qg2 Qc1 37. Qf3 Qc2+ 38. Kg1 Qxa4 39. Rb4 Qa1+ 40. Kf2 Rg8 41. Bxf4 Bf6 42. Qh5 Qg1+ 43. Ke2 Rg2+ 0-1

[Event "Olympiad Women 2024"]
[Site "Budapest HUN"]
[Date "2024.09.18"]
[Round "7.46"]
[Board "2"]
[White "Johannsdottir, Johanna Bjorg"]
[Black "Recica, Jona"]
[Result "1-0"]
[WhiteElo "2013"]
[BlackElo "1791"]
[PlyCount "157"]
[EventDate "2024.09.11"]
[WhiteTeam "Iceland"]
[BlackTeam "Kosovo"]
[WhiteTeamCountry "ISL"]
[BlackTeamCountry "KOS"]

1. e4 e5 2. Nf3 Nc6 3. Nc3 Nf6 4. d4 exd4 5. Nd5 Bb4+ 6. Nxb4 Nxb4 7. a3 ({RR} 7. e5 Ne4 8. Nxd4 O-O 9. c3 Nc6 10. Nxc6 dxc6 11. Be3 Qe7 12. Qd4 Bf5 13. Be2 c5 14. Qa4 Qxe5 15. O-O Rfe8 16. Rad1 Re6 17. Bf3 h6 18. Rfe1 c6 19. g3 Rae8 20. Bg2 Qf6 21. Qxa7 Ng5 {0-1 Dmitrenko,V (2395)-Novikova,A (2229) Titled Tue 24th Oct Early 2023 (10)}) ({RR} 7. e5 Nfd5 8. a3 Nc6 9. c4 Nb6 10. Bd3 d6 11. exd6 Qxd6 12. O-O Bg4 13. Re1+ Kd7 14. h3 Bh5 15. Bf5+ Kd8 16. c5 Qxc5 17. Be4 Kd7 18. Bxc6+ Qxc6 19. Qxd4+ Qd6 20. Ne5+ Kc8 21. Qh4 f6 {1-0 Georg,H (2118)-Kriti,M (1436) Titled Tue 13th Jun Early 2023 (9)}) 7... Nc6 8. Bd3 $146 ({RR} 8. Bc4 Nxe4 9. O-O O-O 10. Nxd4 d5 11. Ba2 Nxd4 12. Qxd4 c6 13. f3 Qf6 14. Be3 Qxd4 15. Bxd4 Nd6 16. Bc5 Rd8 17. Rae1 Be6 18. f4 b6 19. Bf2 Ne4 20. Bh4 Re8 21. f5 Bd7 22. Rd1 g5 {0-1 Balala,A (1840)-Suchovsky,E (1943) SVK-chT2C 1415 2014 (10.6)}) 8... d6 9. h3 h6 10. O-O g5 11. Re1 Nd7 12. e5 dxe5 13. Bb5 O-O 14. Bxc6 bxc6 15. Nxe5 Nxe5 16. Rxe5 Qd6 17. Ra5 f6 18. Qd3 Kg7 19. Bd2 Qd7 20. Re1 Re8 21. Rxe8 Qxe8 22. Qxd4 Qd7 23. Qb4 Qd6 24. Rc5 Be6 25. c4 Rd8 26. Rxc6 Qxc6 27. Qe7+ Bf7 28. Qxd8 Qxc4 29. Bc3 Qc6 30. Qd4 Qb6 31. Qg4 Qe6 32. Qf3 Qd6 33. h4 Bd5 34. Qe3 Qf4 35. hxg5 Qxg5 36. Qh3 Qc1+ 37. Kh2 Qf4+ 38. Qg3+ Qxg3+ 39. Kxg3 Kg6 40. f3 a6 41. Kf4 h5 42. g4 hxg4 43. fxg4 Bc6 44. Ba5 Bd7 45. Bxc7 f5 46. g5 Bb5 47. Ba5 Bc4 48. Bd2 Bb3 49. Ke5 Bc2 50. Kd4 Bb3 51. Kc3 Bd5 52. Kb4 Be4 53. Ka5 Bd3 54. b4 Kf7 55. a4 Ke7 56. b5 axb5 57. axb5 f4 58. Bxf4 Kd7 59. Kb6 Kc8 60. Kc6 Be4+ 61. Kd6 Kb7 62. Be3 Kc8 63. Ke7 Bd3 64. b6 Bg6 65. Kf6 Be4 66. g6 Kb7 67. g7 Bd5 68. Ke7 Kc6 69. Kf8 Kd7 70. g8=Q Bxg8 71. Kxg8 Kc8 72. Kf7 Kd7 73. Bf4 Kc6 74. Bc7 Kb7 75. Ke7 Kc6 76. Ke6 Kb7 77. Kd6 Kc8 78. Kc5 Kd7 79. Bf4 1-0